000
00335nam a2200145 4500
005
20260305131235.0
008
260305b |||||||| |||| 00| 0 eng d
020
_a
9780470194966
_q
HBK
041
_a
ENG
082
_a
641.814
_b
PET
100
_a
James Peterson
245
_a
Sauces
260
_a
CANADA
_b
WILEY
_c
2008
942
_c
REF
999
_c
616974
_d
616974